Материалы по итогам научно-исследовательских работ химико-технологического факультета ТашПИ за 1971 г.: [сборник]

Detalles Bibliográficos
Autor Corporativo: Ташкентский политехнический институт
Outros autores: Ниязов М. И. (редактор)
Summary:Исключено из фонда НТБ ТПУ
Idioma:ruso
Publicado: Ташкент, Изд-во ТашПИ, 1972
Series:Труды Ташкентского политехнического института Вып. 90
Химия, химическая технология
Formato: Libro
KOHA link:https://koha.lib.tpu.ru/cgi-bin/koha/opac-detail.pl?biblionumber=247177

MARC

LEADER 00000nam0a2200000 4500
001 247177
005 20231031212004.0
035 |a (RuTPU)RU\TPU\book\268652 
090 |a 247177 
100 |a 20131218d1972 k y0rusy50 ca 
101 0 |a rus 
102 |a UZ 
105 |a a z 001zy 
200 1 |a Материалы по итогам научно-исследовательских работ химико-технологического факультета ТашПИ за 1971 г.  |e [сборник]  |f Ташкентский политехнический институт ; отв. ред. М. И. Ниязов 
210 |a Ташкент  |c Изд-во ТашПИ  |d 1972 
215 |a 210 с.  |c ил. 
225 1 |a Труды Ташкентского политехнического института  |v Вып. 90 
225 1 |a Химия, химическая технология 
320 |a Библиогр. в конце ст. 
333 |a Исключено из фонда НТБ ТПУ 
702 1 |a Ниязов  |b М. И.  |4 340 
712 0 2 |a Ташкентский политехнический институт 
801 1 |a RU  |b 63413507  |c 20131218 
801 2 |a RU  |b 63413507  |c 20210208  |g RCR 
942 |c BK